Estadísticas para Campeones de la Copa del Rey por año

Haz click aquí para intentar la prueba.

Estadísticas generales

  • Esta prueba ha sido intentada 79 veces
  • La puntuación promedio es 114 de 123

Estadísticas de respuestas

AñoCampeónFinalista% Correcto
1962-63F.C. BarcelonaReal Zaragoza
100%
1982-83F.C. BarcelonaReal Madrid
100%
1997-98F.C. BarcelonaR.C.D. Mallorca
100%
1925F.C. BarcelonaArenas de Guecho (Arenas Club)
100%
1926F.C. BarcelonaAtlético de Madrid
100%
1996-97F.C. BarcelonaReal Betis Balompié
100%
1928F.C. BarcelonaReal Sociedad
100%
1989-90F.C. BarcelonaReal Madird
100%
1987-88F.C. BarcelonaReal Sociedad
100%
1942F.C. BarcelonaAthletic Club
100%
1922F.C. BarcelonaReal Unión Club
100%
1980-81F.C. BarcelonaSporting de Gijón
100%
1977-78F.C. BarcelonaU.D. Las Palmas
100%
1951F.C. BarcelonaReal Sociedad
100%
1952F.C. BarcelonaValencia C.F.
100%
1952-53F.C. BarcelonaAthletic Club
100%
1970-71F.C. BarcelonaValencia C.F.
100%
1957F.C. BarcelonaR.C.D. Espanyol
100%
1958-59F.C. BarcelonaGranada C.F.
100%
2008-09F.C. BarcelonaAthletic Club
100%
1967-68F.C. BarcelonaReal Madrid
100%
1913-IIF.C. BarcelonaReal Sociedad
100%
1910-IF.C. BarcelonaEspañol de Madrid
100%
2011-12F.C. BarcelonaAthletic Club
100%
2020-21F.C. BarcelonaAthletic Club
100%
2014-15F.C. BarcelonaAthletic Club
100%
1920F.C. BarcelonaAthletic Club
100%
2017-18F.C. BarcelonaSevilla F.C.
100%
1912F.C. BarcelonaR.S. Gimnástica Española
100%
2016-17F.C. BarcelonaDeportivo Alavés
100%
2015-16F.C. BarcelonaSevilla F.C.
100%
1971-72Atlético de MadridValencia C.F.
98%
1975-76Atlético de MadridReal Zaragoza
98%
1984-85Atlético de MadridAthletic Club
98%
1990-91Atlético de MadridR.C.D. Mallorca
98%
1959-60Atlético de MadridReal Madrid
98%
1964-65Atlético de MadridReal Zaragoza
98%
1991-92Atlético de MadridReal Madrid
98%
1960-61Atlético de MadridReal Madrid
98%
1995-96Atlético de MadridF.C. Barcelona
98%
2012-13Atlético de MadridReal Madrid
98%
1934Madrid F.C. (Real Madrid)Valencia C.F.
98%
1905Madrid F.C. (Real Madrid)Athletic Club
98%
1906Madrid F.C. (Real Madrid)Athletic Club
98%
1907Madrid F.C. (Real Madrid)Club Vizcaya
98%
1917Madrid F.C. (Real Madrid)Arenas de Guecho (Arenas Club)
98%
1908Madrid F.C. (Real Madrid)Vigo F. C. (R.C. Celta de Vigo)
98%
1969-70Real MadridValencia C.F.
98%
1961-62Real MadridSevilla F.C
98%
2010-11Real MadridF.C. Barcelona
98%
2022-23Real MadridC.A. Osasuna
98%
1973-74Real MadridF.C. Barcelona
98%
1974-75Real MadridAtlético de Madrid
98%
1947Real MadridR.C.D. Espanyol
98%
1946Real MadridValencia C.F.
98%
1981-82Real MadridSporting de Gijón
98%
1988-89Real MadridReal Valladolid C.F.
98%
1992-93Real MadridReal Zaragoza
98%
2013-14Real MadridF.C. Barcelona
98%
1979-80Real MadridReal Madrid Castilla
98%
1972-73Athletic ClubC.D. Castellón
96%
1983-84Athletic ClubF.C. Barcelona
96%
1969Athletic ClubElche C.F.
96%
1903Athletic ClubMadrid F.C. (Real Madrid)
96%
2023-24Athletic ClubR.C.D. Mallorca
96%
1944Athletic ClubValencia C.F.
96%
1923Athletic ClubC.D. Europa
96%
1921Athletic ClubAtlético de Madrid
96%
1916Athletic ClubMadrid F.C. (Real Madrid)
96%
1915Athletic ClubR.C.D. Espanyol
96%
1914Athletic ClubF.C. España
96%
1911Athletic ClubC. D. Español (R.C.D. Espanyol)
96%
1930Athletic ClubReal Madrid
96%
1931Athletic ClubBetis Balompié
96%
1932Athletic ClubF.C. Barcelona
96%
1933Athletic ClubMadrid F.C. (Real Madrid)
96%
1943Athletic ClubReal Madrid
96%
1910-IIAthletic ClubVasconia S.C.
96%
1944-45Athletic ClubValencia C.F.
96%
1904Athletic Club-
96%
1958Athletic ClubReal Madrid
96%
1956Athletic ClubAtlético de Madrid
96%
1955Athletic ClubSevilla F.C.
96%
1949-50Athletic ClubValladolid Deportivo (Real Valladolid)
96%
1935Sevilla F.C.C.S. Sabadell F. C.
94%
1978-79Valencia C.F.Real Madrid
94%
2007-08Valencia C.F.Getafe C.F.
94%
1998-99Valencia C.F.Atlético de Madrid
94%
1966-67Valencia C.F.Athletic Club
94%
1954Valencia C.F.F.C. Barcelona
94%
1948-49Valencia C.F:Athletic Club
94%
1941Valencia C.F.R.C.D. Espanyol
94%
2018-19Valencia C.F.F.C. Barcelona
94%
1947-48Sevilla F.C.R.C. Celta de Vigo
93%
1939Sevilla F.C.R.C. Ferrol
93%
2009-10Sevilla F.C.Atlético de Madrid
93%
2006-07Sevilla F.C.Getafe C.F.
93%
1909C.C. San Sebastián (Real Sociedad)Español de Madrid
89%
1986-87Real SociedadAtlético de Madrid
89%
2019-20Real SociedadAthletic Club
89%
1976-77Real Betis BalompiéAthletic Club
87%
2004-05Real Betis BalompiéC.A. Osasuna
87%
2021-22Real Betis BalompiéValencia C.F.
87%
1965-66Real ZaragozaAthletic Club
85%
2003-04Real ZaragozaReal Madrid
85%
2000-01Real ZaragozaR.C. Celta de Vigo
85%
1963-64Real ZaragozaAtlético de Madrid
85%
1985-86Real ZaragozaF.C. Barcelona
85%
1993-94Real ZaragozaR.C. Celta de Vigo
85%
2002-03R.C.D. MallorcaR.C. Recreativo de Huelva
81%
1994-95R.C. Deportivo de La CoruñaValencia C.F.
80%
2001-02R.C. Deportivo de La CoruñaReal Madrid
80%
1940R.C.D. EspanyolMadrid F.C. (Real Madrid)
78%
2005-06R.C.D. EspanyolReal Zaragoza
78%
1928-29R.C.D. EspanyolReal Madrid
78%
1999-00R.C.D. EspanyolAtlético de Madrid
78%
1937Levante F.C. (Levante U.D.)Valencia C.F.
52%
1919Arenas de Guecho (Arenas Club)F.C. Barcelona
50%
1913-IRacing de Irún (Real Unión Club)Athletic Club
50%
1924Real Unión ClubReal Madrid
43%
1918Real Unión ClubMadrid F.C. (Real Madrid)
43%
1927Real Unión ClubArenas de Guecho (Arenas Club)
43%
1936Madrid F.C. (Real Madrid)F.C. Barcelona
17%

Distribución de puntuación

Porcentaje por número respondido

Porcentaje de gente con cada puntuación

Historial de tus puntuaciones

No has intentado esta prueba.